Анализ применения нетрадиционных технологий обучения и контроля в пропедевтических дисциплинах технического вуза; Психология и педагогика на современном этапе

Bibliographische Detailangaben
Parent link:Психология и педагогика на современном этапе.— 2011.— С. 184-188
1. Verfasser: Абрашкина И. А. Ирина Андреевна
Zusammenfassung:Проведен анализ применения нетрадиционных для технического ВУЗа технологий обучения и контроля на примере дисциплины "Введение в измерительную технику", носящей пропедевтический характер подготовки бакалавров по направлению 200100 "Приборостроение". Отмечены основные достоинства и недостатки. Определены организационно-педагогические условия реализации дисциплины, а также ее место в структуре основной образовательной программы
В фонде НТБ ТПУ отсутствует
Sprache:Russisch
Veröffentlicht: 2011
Schlagworte:
Format: MixedMaterials Buchkapitel
KOHA link:https://koha.lib.tpu.ru/cgi-bin/koha/opac-detail.pl?biblionumber=599227

MARC

LEADER 00000naa0a2200000 4500
001 599227
005 20250418112224.0
035 |a (RuTPU)RU\TPU\tpu\23124 
035 |a RU\TPU\tpu\20564 
090 |a 599227 
100 |a 20130419d2011 k y0rusy50 ca 
101 0 |a rus 
102 |a RU 
200 1 |a Анализ применения нетрадиционных технологий обучения и контроля в пропедевтических дисциплинах технического вуза  |f И. А. Абрашкина 
320 |a Библиогр.: с. 188 (2 назв.) 
330 |a Проведен анализ применения нетрадиционных для технического ВУЗа технологий обучения и контроля на примере дисциплины "Введение в измерительную технику", носящей пропедевтический характер подготовки бакалавров по направлению 200100 "Приборостроение". Отмечены основные достоинства и недостатки. Определены организационно-педагогические условия реализации дисциплины, а также ее место в структуре основной образовательной программы 
333 |a В фонде НТБ ТПУ отсутствует 
463 |t Психология и педагогика на современном этапе  |o сборник научных трудов I международной научно-практической конференции, Ставрополь, 30 мая 2011 г.  |v С. 184-188  |d 2011 
610 1 |a труды учёных ТПУ 
700 1 |a Абрашкина  |b И. А.  |c специалист в области организации высшего профессионального образования  |c начальник отдела Томского политехнического университета  |f 1979-  |g Ирина Андреевна  |3 (RuTPU)RU\TPU\pers\26851  |9 12470 
801 1 |a RU  |b 63413507  |c 20120121 
801 2 |a RU  |b 63413507  |c 20130419  |g RCR 
850 |a 63413507 
942 |c BK